UZMAN DEDEKTİFLİK BÜROSU/R4 (Record no. 999942)

MARC details
000 -LEADER
sabit uzunluktaki kontrol alanı 00258nam a2200097Ia 4500
001 - KONTROL NUMARASI
kontrol alanı 999942
005 - EN SON İŞLEMİN TARİH VE ZAMANI
kontrol alanı 20250826230342.0
008 - SABİT-UZUNLUKTA VERİ ÖĞELERİ--GENEL BİLGİ
sabit uzunluktaki kontrol alanı 250824s9999 xx 000 0 und d
245 #0 - ESER / YAZAR
ESER ADI UZMAN DEDEKTİFLİK BÜROSU/R4
Yazar Adı ESRA AVGÖREN
260 ## - YAYIN, DAĞITIM, VB.
YAYIN EVİ GENÇ DAMLA YAYINLARI
Holdings
Düşüm durumu Kayıp durumu Hasar Durumu Ödünç verilmez Ana kütüphane Geçerli Kütüphane Edinilen tarih Toplam ödünç verme sayısı Barkod Son görüntüleme tarihi Fiyatın geçerli olmaya başladığı tarih Koha materyal türü
        ERTUĞRUL GAZİ ORTAOKULU ERTUĞRUL GAZİ ORTAOKULU 24.08.2025   10553718 26.08.2025 26.08.2025 Books